000 00943nam a2200229Ia 4500
003 Ost
005 20260507075051.0
008 260507s9999||||xx |||||||||||||| ||und||
040 _cfsecg
041 _aara
082 _a336.0962
100 _aدراز، حامد عبد المجيد
_eمؤلف
245 0 _aمبادئ المالية العامة /
_c حامد عبد المجيد دراز
260 _aالاسكندرية:
_bالدار الجامعية,
_c2004
300 _a402 صفحة؛
_bإيضاحات ؛
_c24 سم
520 _aمدخل لدراسة علم الاقتصاد العام، ميزانية الدولة، مصادر الايرادات العامة، الزكاة التنمية في البيئة الاسلامية
653 _aالزكاة
653 _aالمالية العامة
653 _aالميزانية
700 _aحجازي، المرسى السيد
_eمؤلف ثانوي
942 _cكتاب
999 _c42657
_d42657